Jeometría: Tercer año de humanidades

Saved in:
Bibliographic Details
Main Author: Yáñez, Mardoqueo
Format: Book
Language:Spanish
Published: Santiago Soc. Imprenta i litografía Universo 1918
Edition:2° ed.
Textbook Catalogue:MANES:  Library Catalog Search Result
Textbook Classification:
Tags: Add Tag
No Tags, Be the first to tag this record!
Added to:2022-07-21
Changed in:2025-04-25

MARC

LEADER 00000nam a22000007a 4500
005 20250425101532.0
008 220722b |||||||| |||| 00| 0 spa d
040 |a MGM 
100 |9 21697  |a Yáñez, Mardoqueo 
245 |a Jeometría: Tercer año de humanidades 
250 |a 2° ed. 
260 |a Santiago  |b Soc. Imprenta i litografía Universo  |c 1918 
300 |a 166 p.  |c 18 x 13 cm. 
546 |a Chile  
561 |5 cl-MGM  |3 T 516 Y11j 1918 3°H c1  |a Chile. Museo Gabriela Mistral  |k MANES 
690 |a MATE 
691 |a SE 
942 |2 ddc  |c BK 
999 |c 99706  |d 99706 
999 |c manes:99706  |d 99706